| 000 | 00818nam a2200205Ii 4500 | ||
|---|---|---|---|
| 003 | JO-AjNU | ||
| 008 | 230605s9999||||xx |||||||||||||| ||und|| | ||
| 040 |
_aJO-AjNU _bara _erda _cJO-AjNU |
||
| 041 | _aara | ||
| 050 | 1 | 4 | _aPJ8548.A35.N612 1999 |
| 100 | 3 |
_aتأليف آل أحمد، جلال ؛ ترجمة وتقديم عبد الوهاب علوب ؛ مراجعة زبيدة علي أشكناني, _eauthor _949078 |
|
| 245 | 0 | 0 | _aنون والقلم (رواية) |
| 264 | 3 | 1 | _aالكويت: المجلس الوطني للثقافة والفنون والآداب، 1999 |
| 300 | _a221ص | ||
| 336 |
_atext _btxt _2rdacontent |
||
| 337 |
_aunmediated _bn _2rdamedia |
||
| 338 |
_avolume _bnc _2rdacarrier |
||
| 490 | 0 | _aإبداعات عالمية | |
| 650 | 4 |
_aالأدب العربي - قصص فارسية _949079 |
|
| 999 |
_aA21534 _c25102 _d25102 |
||